000 00432nam a2200145 i 4500
001 142216
003 ES-MaACL
007 t|
008 071003s1973 xxk ||||1| eng d
100 1 _aWindeler, Robert.
_9117064
245 1 0 _aSweetheart
_b: the story of Mary Pickford /
_cby Robert Windeler.
260 _aLondon :
_bW. H. Allen,
_c1973.
300 _aX, 226 p. 17 h. de lám. ;
_c22 cm.
852 _aES-MaACL
_jE-5346
_bR.89673
999 _c142216
_d142216